000 00430 a2200157 4500
245 _aWe Need New Names
_hprint
020 _a9781779222251
250 _aFirst edition.
700 _aBulawayo, NoViolet.
650 _aEnglish Novel
650 _aENGLISH LITERATURE
005 20191017172650.0
260 _aLondon
_bWeaver Press
_c2013
084 _aPR9390.9.B85 W42 2013
300 _a296 pages
_b 22 cm
_c296 pages ; 22 cm
500 _aNoViolet Bulawayo.
999 _c9200
_d9200